000 00687nam a22002057a 4500
999 _c15386
_d15386
003 AR-CdUCM
008 190427b ||||| |||| 00| 0 spa d
020 _a978-607-16-1927-3
040 _aMUNICIPALIDAD PROVINCIAL DEL CUSCO
_cBIBLIOTECA MUNICIPAL DEL CUSCO
082 _aPI / 808.068 /
_bCH38
100 _aChirif, Micaela
_934441
245 _aMás te vale, mastodonte /
260 _aMéxico :
_bFondo de cultura económica,
_c2014.
300 _a42 páginas ;
_bIlustraciones,
_c26 cm.
440 _aLos especiales de A la orilla del viento ;
_933315
650 _aLiteratura infantil
_9588
700 _aWatanabe, Issa
_934442
942 _2ddc
_cLIBROS
945 _aacv
_d2019-04-27